Strzelcy bramek w 3 kolejce Premier League w sezonie 2021/22. - Statystyki

Ogólne statystyki
  • Ten quiz został rozwiązany 27 razy
  • Średni wynik to 15 z 26
Statystyki odpowiedzi
Mecz Piłkarz % Poprawnych
Liverpool - Chelsea 1:1 Salah
92%
Tottenham - Watford 1:0 Son
92%
Manchester City - Arsenal 1:0 Gundogan
88%
Manchester City - Arsenal 3:0 Jesus
88%
Norwich - Leicester 0:1 Vardy
84%
West Ham - Crystal Palace 2:1 Antonio
72%
Manchester City - Arsenal 2:0 Torres
72%
Manchester City - Arsenal 5:0 Torres
72%
Wolves - Manchester United 0:1 Greenwood
68%
Liverpool - Chelsea 0:1 Havertz
68%
Manchester City - Arsenal 4:0 Rodri
64%
Aston Villa - Brentford 0:1 Toney
64%
Brighton - Everton 0:2 Calvert-Lewin
60%
Norwich - Leicester 1:1 Pukki
56%
Burnley - Leeds 1:0 Wood
52%
Burnley - Leeds 1:1 Bamford
48%
West Ham - Crystal Palace 1:0 Fornals
48%
Newcastle - Southampton 2:2 Ward-Prowse
48%
Brighton - Everton 0:1 Gray
44%
Newcastle - Southampton 1:0 Wilson
44%
Newcastle - Southampton 2:1 Saint-Maximin
40%
West Ham - Crystal Palace 1:1 Gallagher
32%
West Ham - Crystal Palace 2:2 Gallagher
32%
Norwich - Leicester 1:2 Albrighton
24%
Aston Villa - Brentford 1:1 Buendia
20%
Newcastle - Southampton 1:1 Elyounoussi
12%
Nie znaleziono quizów pasujących do podanych kryteriów
Rozkład punktacji
Procent ludzi z każdym wynikiem
Percentyl według liczby udzielonych odpowiedzi
Twoja historia wyników
Nie rozwiązałeś tego quizu